Código procesal penal comentado (Tomo ll)./ (Registro nro. 8287)
[ vista simple ]
| 000 -LEADER | |
|---|---|
| fixed length control field | 01100nam a2200193Ia 4500 |
| 005 - FECHA Y HORA DE LA ÚLTIMA TRANSACCIÓN | |
| control field | 20250301094524.0 |
| 008 - FIXED-LENGTH DATA ELEMENTS--GENERAL INFORMATION | |
| fixed length control field | 230609s9999 xx 000 0 und d |
| 040 ## - CATALOGING SOURCE | |
| Original cataloging agency | UPAN |
| Transcribing agency | Biblioteca San Vicente |
| Description conventions | RCAA2 |
| 041 ## - LANGUAGE CODE | |
| Language code of text/sound track or separate title | spa |
| 082 ## - DEWEY DECIMAL CLASSIFICATION NUMBER | |
| Classification number | 348.23 |
| Item number | C393c |
| año de publicación | 2006 |
| 100 ## - MAIN ENTRY--PERSONAL NAME | |
| Personal name | Casado Perez, Jose Maria |
| 245 #0 - TITLE STATEMENT | |
| Title | Código procesal penal comentado (Tomo ll)./ |
| 260 ## - PUBLICATION, DISTRIBUTION, ETC. (IMPRINT) | |
| Place of publication, distribution, etc | El Salvador |
| Name of publisher, distributor, etc | CNJ |
| Date of publication, distribution, etc | 2006 |
| 300 ## - PHYSICAL DESCRIPTION | |
| Extent | 1774 p. |
| Dimensions | 24 cm. |
| 505 ## - FORMATTED CONTENTS NOTE | |
| Formatted contents note | Titulo I. Instrucción<br/>Titulo II. Juicio plenario<br/>Libro tercero. Procedimientos especiales <br/>Titulo I. Procedimiento abreviado<br/>Titulo II. Procedimiento en caso de antejuicio<br/>Titulo III. Del juzgamiento por faltas<br/>Titulo IV. Juicio para la aplicación exclusiva de medidas de seguridad<br/>Titulo V. Procedimiento por delito de acción privada<br/>Libro cuarto. Recursos<br/>Titulo I. Disposiciones generales<br/>Titulo II. Revocatoria<br/>Titulo III. Apelación<br/>Titulo IV. Casación<br/>Titulo V. Revisión<br/>Libro quinto. Ejecución<br/>Titulo I. Disposiciones generales<br/> |
| 650 ## - SUBJECT ADDED ENTRY--TOPICAL TERM | |
| Source of heading or term | LEMB |
| Topical term or geographic name as entry element | Derecho penal |
| 700 ## - ADDED ENTRY--PERSONAL NAME | |
| Personal name | Juan Antonio Duran Ramirez |
| Relator code | Col. |
| 942 ## - ADDED ENTRY ELEMENTS (KOHA) | |
| Koha item type | Libros |
| Source of classification or shelving scheme | Dewey Decimal Classification |
| Withdrawn status | Lost status | Source of classification or shelving scheme | Damaged status | Not for loan | Collection code | Home library | Current library | Date acquired | Total Checkouts | Full call number | Barcode | Date last seen | Copy number | Price effective from | Koha item type |
|---|---|---|---|---|---|---|---|---|---|---|---|---|---|---|---|
| Dewey Decimal Classification | Colección General | Biblioteca UPAN San Vicente | Biblioteca UPAN San Vicente | 09/06/2023 | 348.23 C393c | 12002656 | 09/06/2023 | 01 | 09/06/2023 | Libros |